01505nam a2200157Ia 4500008004100000020001800041050002500059110002700084245010900111250002000220260003200240300003800272500002300310505096000333650005401293120625s2013 mx l 001 0 spa d a9786074064346 4aC KGF3784bA44 2013 1 aMéxico. Leyes, etc. 10aAgenda Agraria 2013 b : compendio de leyes, reglamentos y otras disposiciones conexas sobre la materia  a18a. edición  aMéxicob : ISEF c , 2013 a[paginación varia] c ; 20 cm.  a1a. edición 20000 aLey Agraria Reglamento de la Ley Agraria en Materia de Certificación de Derechos Ejidales y Títulación de Solares Reglamento de la Ley Agraria en Materia de Ordenamiento de la Propiedad Rural Ley Orgánica de los Tribunales Agrarios Reglamento Interior de los Tribunales Agrarios Reglamento Interior de la Secretaría de la Reforma Agraria Reglamento Interior de la Secretaría de Agricultura, Ganadería, Desarrollo Rural, Pesca y Alimentación Reglamento Interior del Registro Agrario Nacional Estatuto Orgánico de la Comisión para la Regularización de la Tenencia de Tierra Estatuto del Servicio Profesional Agrario de Carrera en la Procuraduría Agraria Artículo 27° Constitucional Ley de Protección y Desarrollo de los Bioenergéticos Ley General de Desarrollo Forestal Sustentable Reglamento de la Ley General de Desarrollo Forestal Sustentable Ley de Aguas Nacionales Reglamento de la Ley de Aguas Nacionales  4aDERECHO AGRARIOvLEYES Y LEGISLACIÓN zMÉXICO